| 000 | 00909cam a2200301 4500 | ||
|---|---|---|---|
| 001 | 75598 | ||
| 003 | BD-RjUL | ||
| 005 | 20211209082721.0 | ||
| 008 | 190429s1969 enka b 001 0 eng | ||
| 020 | _a0582410282 | ||
| 035 | _a(BD-RjUL) 75816 | ||
| 040 |
_aDLC _cDLC _dDLC _beng |
||
| 041 | _aeng | ||
| 082 | 0 | 0 |
_a658.4030684 _223 _bHAM 1969 |
| 100 | 1 |
_aHague, D. C. _q(Douglas Chalmers), _d1926-2015. _9231365 |
|
| 245 | 1 | 0 |
_aManagerial economics: _banalysis for business decisions _c[by] D. C. Hague. |
| 260 |
_aFeltham, _bLongmans, _c1969. |
||
| 300 |
_avii, 356 p. _billus. _c25 cm. |
||
| 490 | 0 | _aLongmans' business studies | |
| 504 | _aIncludes bibliographies. | ||
| 650 | 0 |
_aDecision making. _9231366 |
|
| 650 | 0 |
_aManagement. _9231367 |
|
| 906 |
_a7 _bcbc _corignew _du _encip _f19 _gy-gencatlg |
||
| 942 |
_2ddc _cBK |
||
| 999 |
_c75598 _d75598 |
||